000 01432nam0a2200337 4500
001 RU\NLR\bibl\1049859
005 20260406122939.0
010 _a5-17-015005-9
_bАСТ
010 _a5-9713-3903-6
_bАСТ Москва
010 _a5-9762-2071-1
_bХранитель
_94000
021 _aRU
_b2006-88706
_94493
035 _a(NLR Aleph) 001037187
035 _a(nilc)RSL-KNO-003021073
090 _a795753
_c795753
100 _a20070117d2006 |||y0rusy50 ca
101 1 _arus
_ceng
102 _aRU
105 _ay zzzz|||||
106 _ar
200 1 _aНеотразимая герцогиня
_eроман
_fБертрис Смолл
_g[пер. с англ. Т. А. Перцевой]
210 _aМосква
_cАСТ [и др.]
_d2006
215 _a333 с.
_d17
610 0 _aФилологические науки. Художественная литература -- США -- Американская литература -- с 1945 г. -- Произведения художественной литературы -- Художественная проза -- Романы. Повести. Рассказы
686 _aШ5(7США)62-644
_2rubbk
700 1 _4070
_7ca
_8rus
_aСмолл
_bБ.
_f1937-2015
_gБертрис
_3RU\NLR\AUTH\77816
_9110856
801 0 _aRU
_bРКП
_c20070117
_grcr
801 1 _aRU
_bРГБ
_c20070117
801 2 _aRU
_bNLR
_c20070222
_grcr
942 _cBOOK
980 _aNB